[Event "ch-IND National A"]
[Site "Calicut IND"]
[Date "2003.12.04"]
[Round "1"]
[White "Ravi,Th"]
[Black "Neelotpal,D"]
[Result "1/2-1/2"]
[WhiteElo "2380"]
[BlackElo "2443"]
[EventDate "2003.12.04"]

1. e4 c5 2. c3 d6 3. d4 Nf6 4. Bd3 g6 5. h3 Bg7 6. Nf3 O-O 7. O-O Qc7 8.
Qe2 a6 9. dxc5 dxc5 10. a4 Nc6 11. Be3 b6 12. Nbd2 Nh5 13. Nc4 Rb8 14. Na3
Ra8 15. Nc4 Bb7 16. Rfd1 Nd8 17. a5 b5 18. Nb6 Rb8 19. Bc2 Bc6 20. Bxc5 Nf4
21. Qe1 Nde6 22. Be3 Rbd8 23. Rxd8 Rxd8 24. Rd1 Rxd1 25. Qxd1 Qb7 26. Bxf4
Nxf4 27. Qd8+ Bf8 28. Nd4 Kg7 29. Nxc6 Qxc6 30. Qb8 g5 31. Qc8 Qd6 32. Qd7
e6 33. Qxd6 Bxd6 34. Kf1 f6 35. c4 bxc4 36. Nxc4 Bb4 37. Ba4 Nd3 38. Ke2
Nc5 39. Bc6 Kf8 40. g3 Ke7 41. h4 gxh4 42. gxh4 Nb3 43. Bb7 Nc5 44. Bc6 Nb3
45. Bb7 Nc5 1/2-1/2

[Event "ch-IND National A"]
[Site "Calicut IND"]
[Date "2003.12.04"]
[Round "1"]
[White "Singh,SV"]
[Black "Sriram,J"]
[Result "1-0"]
[WhiteElo "2342"]
[BlackElo "2458"]
[EventDate "2003.12.04"]

1. d4 d5 2. c4 c6 3. Nc3 Nf6 4. Nf3 e6 5. Bg5 Nbd7 6. cxd5 exd5 7. e3 Be7
8. Bd3 O-O 9. O-O Re8 10. Qc2 Nf8 11. Rae1 Be6 12. Ne5 N6d7 13. Bxe7 Rxe7
14. f4 f6 15. Nf3 Nb6 16. h3 Qc7 17. Qf2 Rae8 18. Re2 Nc8 19. g4 Nd6 20.
Rfe1 Bf7 21. Nh4 g6 22. Ng2 Nd7 23. Qf3 Ne4 24. Rc2 c5 25. Ne2 Qb6 26. b3
Qa5 27. Rd1 b6 28. Bxe4 dxe4 29. Qf2 Qa6 30. d5 Nf8 31. Nc3 Rd7 32. Rcd2
Kg7 33. h4 Qb7 34. g5 f5 35. h5 b5 36. hxg6 Nxg6 37. d6 Red8 38. Nd5 Rxd6
39. Nf6 Rd3 40. Rxd3 Rxd3 41. Rc1 Qe7 42. Qb2 Kf8 43. Nxh7+ Ke8 44. Nf6+
Kd8 45. Qa3 b4 46. Qa5+ Qc7 47. Qxc7+ Kxc7 48. Rxc5+ Kb6 49. Rxf5 Rd1+ 50.
Kh2 Be6 51. Nd5+ Bxd5 52. Rf6+ Kc5 53. Rxg6 Ra1 54. Ra6 Bxb3 55. Rxa7 Rxa2
56. Rc7+ Kb6 57. Rc8 Bd5 58. Rc1 b3 59. g6 Rc2 60. Rb1 Rc6 61. f5 Rf6 62.
Nh4 Kc5 63. Kg3 Kc4 64. Kf4 Ra6 65. Kg5 Kd3 66. Ng2 Kc2 67. Rg1 Bc4 68. f6
Ra5+ 69. Kh6 Rf5 70. Kg7 b2 71. Nf4 Ra5 1-0

[Event "ch-IND National A"]
[Site "Calicut IND"]
[Date "2003.12.04"]
[Round "1"]
[White "Satyapragyan,S"]
[Black "Roy Chowdhury,S"]
[Result "1/2-1/2"]
[WhiteElo "2415"]
[BlackElo "2421"]
[EventDate "2003.12.04"]

1. e4 c5 2. Nf3 Nc6 3. d4 cxd4 4. Nxd4 e5 5. Nb5 d6 6. N1c3 a6 7. Na3 b5 8.
Nd5 Nce7 9. c4 Nxd5 10. exd5 bxc4 11. Nxc4 Nf6 12. Be3 Rb8 13. a4 Ng4 14.
Bd2 Qf6 15. f3 Nh6 16. Be3 Be7 17. Bd3 Bf5 18. O-O Qg6 1/2-1/2

[Event "ch-IND National A"]
[Site "Calicut IND"]
[Date "2003.12.04"]
[Round "1"]
[White "Venkatesh,M"]
[Black "Thipsay,P"]
[Result "1/2-1/2"]
[WhiteElo "2401"]
[BlackElo "2486"]
[EventDate "2003.12.04"]

1. e4 e5 2. Nf3 Nc6 3. Bb5 a6 4. Bxc6 dxc6 5. O-O f6 6. d4 Bg4 7. dxe5 Qxd1
8. Rxd1 fxe5 9. Nbd2 Rd8 10. Re1 Bd6 11. h3 Be6 12. Nf1 Ne7 1/2-1/2

[Event "ch-IND National A"]
[Site "Calicut IND"]
[Date "2003.12.04"]
[Round "1"]
[White "Ganguly,S"]
[Black "Hariharan,V"]
[Result "1-0"]
[WhiteElo "2531"]
[BlackElo "2245"]
[EventDate "2003.12.04"]

1. e4 e6 2. d4 d5 3. Nc3 Nf6 4. Bg5 Bb4 5. e5 h6 6. Bd2 Bxc3 7. bxc3 Ne4 8.
Qg4 g6 9. Bd3 Nxd2 10. Kxd2 c5 11. h4 Bd7 12. Rb1 cxd4 13. cxd4 Nc6 14. Ne2
Na5 15. Rh3 Qe7 16. Rf3 O-O-O 17. Qf4 Rdf8 18. Qf6 Kd8 19. Ng3 Qxf6 20.
Rxf6 h5 21. Ne2 Ke7 22. Nf4 Rhg8 23. Nh3 Rc8 24. Ng5 Rgf8 25. f3 Be8 26.
Nh3 Rh8 27. Nf4 b6 28. c3 Rg8 29. Rh1 Bd7 30. Nh3 Nc4+ 31. Bxc4 Rxc4 32.
Ng5 Be8 33. Kc2 Rh8 34. a3 a5 35. Kb2 b5 36. Kb3 Rf8 37. g4 Rh8 38. Rg1 b4
39. axb4 axb4 40. cxb4 Ba4+ 41. Kxa4 Ra8+ 42. Kb3 Rb8 43. Rxf7+ Ke8 44. Ra7
Rbxb4+ 45. Ka3 hxg4 46. fxg4 Rb6 47. Nh7 Rxd4 48. Rf1 1-0

[Event "ch-IND National A"]
[Site "Calicut IND"]
[Date "2003.12.04"]
[Round "1"]
[White "Sareen,V"]
[Black "Das,A"]
[Result "1-0"]
[WhiteElo "2367"]
[BlackElo "2299"]
[EventDate "2003.12.04"]

1. e4 c5 2. Nf3 d6 3. d4 cxd4 4. Nxd4 Nf6 5. Nc3 a6 6. Bc4 e6 7. Bb3 Nbd7
8. Bg5 Nc5 9. Qe2 Be7 10. f4 h6 11. Bxf6 Bxf6 12. O-O-O Qa5 13. Kb1 Bd7 14.
e5 dxe5 15. fxe5 Be7 16. Rhf1 O-O 17. Ne4 Nxe4 18. Qxe4 Bc6 19. Nxc6 bxc6
20. Rd7 Qc5 21. c3 Rad8 22. Rc7 Rc8 23. Bc2 g6 24. b4 Qb5 25. Bd3 Rxc7 26.
Bxb5 cxb5 27. Kb2 Rfc8 28. Rf3 Bf8 29. h4 Bg7 30. h5 g5 31. Rd3 Rc4 32. Qe2
R4c7 33. Kb3 Rc4 34. g3 Bf8 35. Qd2 Be7 36. Rd7 Bf8 37. Qd3 a5 38. a3 a4+
39. Kb2 Bg7 40. Rd8+ Rxd8 41. Qxd8+ Kh7 42. Qb8 Rg4 43. Qxb5 Rxg3 44. Qb7
Bxe5 45. Qxf7+ Bg7 46. b5 Rg2+ 47. Kc1 Rg1+ 48. Kd2 Rg2+ 49. Ke1 Rb2 50. c4
Rb3 51. c5 Rxa3 52. c6 Rc3 53. Qg6+ Kh8 54. Qe8+ Kh7 55. Kd2 g4 56. b6 a3
57. b7 Be5 58. Qg6+ Kh8 59. Qxh6+ Kg8 60. Qxe6+ Kh7 61. Qxe5 Rb3 62. Qe7+
1-0

[Event "ch-IND National A"]
[Site "Calicut IND"]
[Date "2003.12.04"]
[Round "1"]
[White "Ramesh,R"]
[Black "Suvrajit,S"]
[Result "1-0"]
[WhiteElo "2466"]
[BlackElo "2387"]
[EventDate "2003.12.04"]

1. e4 e5 2. Nf3 Nf6 3. Nxe5 d6 4. Nf3 Nxe4 5. d4 d5 6. Bd3 Nc6 7. O-O Be7
8. c4 Nb4 9. Be2 O-O 10. Nc3 Bf5 11. a3 Nxc3 12. bxc3 Nc6 13. Re1 dxc4 14.
Bxc4 Bd6 15. Ra2 Na5 16. Bd3 Bxd3 17. Qxd3 Re8 18. Rae2 Rxe2 19. Rxe2 Qd7
20. Ng5 f5 21. c4 Nc6 22. c5 Nxd4 23. Qc4+ Kh8 24. Nf7+ Qxf7 25. Qxf7 Nxe2+
26. Kf1 Nxc1 27. cxd6 cxd6 28. Qc4 d5 29. Qxc1 d4 30. Qc7 b6 31. Qd7 h6 32.
Ke2 Rf8 33. Qxa7 Rf6 34. Kd3 Kh7 35. Kxd4 Rd6+ 36. Ke5 Rf6 37. Qd7 Kg6 38.
f4 Kh7 39. a4 Kg6 40. Qe8+ Kh7 41. g3 1-0

[Event "ch-IND National A"]
[Site "Calicut IND"]
[Date "2003.12.04"]
[Round "1"]
[White "Srinivasa Rao,M"]
[Black "Bakre,T"]
[Result "0-1"]
[WhiteElo "2329"]
[BlackElo "2443"]
[EventDate "2003.12.04"]

1. Nf3 c5 2. g3 Nc6 3. Bg2 g6 4. O-O Bg7 5. c4 Nh6 6. Nc3 Nf5 7. a3 a6 8.
Rb1 Rb8 9. b4 cxb4 10. axb4 b5 11. cxb5 axb5 12. e3 e6 13. Qb3 Bb7 14. Bb2
O-O 15. d3 Qb6 16. Ne4 e5 17. Nc5 Bc8 18. Ne4 d6 19. Bc3 h6 20. Rfd1 Be6
21. Qb2 Rbd8 22. Rbc1 Nfe7 23. Ned2 Nd5 24. e4 Nxc3 25. Qxc3 Rc8 26. Qb2
Nd4 27. Nxd4 exd4 28. Nb1 Ra8 29. Qd2 Bb3 30. Rf1 Ra2 31. Qf4 Bc2 32. Qf3
Qa6 33. Rfe1 Qa4 34. Re2 Qb3 35. Ree1 Qxb4 36. Bh3 Rb2 0-1

[Event "ch-IND National A"]
[Site "Calicut IND"]
[Date "2003.12.04"]
[Round "1"]
[White "Barua,D"]
[Black "Roktim,B"]
[Result "1-0"]
[WhiteElo "2528"]
[BlackElo "2352"]
[EventDate "2003.12.04"]

1. e4 e5 2. Nf3 Nc6 3. Bc4 Nf6 4. d3 Be7 5. O-O O-O 6. Re1 d6 7. a4 h6 8.
Nbd2 Nh7 9. a5 a6 10. Nf1 Ng5 11. Nxg5 Bxg5 12. Ne3 Be6 13. c3 Bxe3 14.
Rxe3 Bxc4 15. dxc4 f5 16. exf5 Rxf5 17. Rf3 Qf6 18. Rxf5 Qxf5 19. Be3 Kh8
20. h3 Rf8 21. b4 Ne7 22. b5 Qe4 23. Qg4 Qxg4 24. hxg4 Kg8 25. Rb1 Rc8 26.
Kf1 Kf7 27. bxa6 bxa6 28. Rb7 Ke6 29. Ra7 Nc6 30. Rxa6 Kd7 31. Ke2 Rb8 32.
Kd3 Kc8 33. Rxc6 Kb7 34. Rxc7+ Kxc7 35. a6 Kd7 36. a7 Rc8 37. g3 Ke6 38.
Bb6 Kd7 39. f4 exf4 40. gxf4 g6 41. f5 gxf5 42. gxf5 h5 43. Bf2 Ra8 44. Ke4
h4 45. Kf3 Rh8 46. Bxh4 Kc6 47. Bf2 d5 48. cxd5+ Kxd5 49. Bg3 Kc6 50. Be5
1-0

[Event "ch-IND National A"]
[Site "Calicut IND"]
[Date "2003.12.04"]
[Round "2"]
[White "Thipsay,P"]
[Black "Srinivasa Rao,M"]
[Result "1-0"]
[WhiteElo "2486"]
[BlackElo "2329"]
[EventDate "2003.12.04"]

1. e4 c5 2. Nf3 d6 3. d4 cxd4 4. Nxd4 Nf6 5. Nc3 a6 6. Be2 e5 7. Nb3 Be7 8.
Bg5 Be6 9. Bxf6 Bxf6 10. Qd3 Nc6 11. Nd5 Bxd5 12. Qxd5 Qc7 13. c3 O-O 14.
O-O Rfd8 15. Bf3 a5 16. a4 Ra6 17. Nd2 Ne7 18. Qd3 Rc6 19. Rfd1 Bg5 20. Nb1
g6 21. Na3 Kg7 22. Nb5 Qb6 23. Qe2 Nc8 24. Qc2 Na7 25. Be2 Nxb5 26. axb5
Rcc8 27. Qb3 Ra8 28. Bc4 Rf8 29. Bd3 Bd8 30. Qd5 Bc7 31. Bc2 Rae8 32. Rd3
f5 33. Rf3 fxe4 34. Bxe4 Rxf3 35. gxf3 Qc5 36. Qxc5 dxc5 37. Bxb7 Rd8 38.
c4 Rd2 39. Be4 Kf6 40. b3 Rb2 41. Rd1 Rxb3 42. Rd7 Bb8 43. Rxh7 Rc3 44. Rh6
Rxc4 45. Rxg6+ Ke7 46. Ra6 a4 47. h4 Rb4 48. h5 Rxb5 49. h6 Kf7 50. h7 Kg7
1-0

[Event "ch-IND National A"]
[Site "Calicut IND"]
[Date "2003.12.04"]
[Round "2"]
[White "Bakre,T"]
[Black "Ravi,Th"]
[Result "1/2-1/2"]
[WhiteElo "2443"]
[BlackElo "2380"]
[EventDate "2003.12.04"]

1. e4 e5 2. Nf3 Nc6 3. Bb5 a6 4. Bxc6 dxc6 5. O-O f6 6. d4 exd4 7. Nxd4 c5
8. Ne2 Qxd1 9. Rxd1 Bd7 10. Nbc3 O-O-O 11. Be3 b6 12. Rd2 Bd6 13. Bf4 Bxf4
14. Nxf4 Ne7 15. Rad1 Nc6 16. f3 f5 17. Nh5 Rhg8 18. Ng3 fxe4 19. Ncxe4 h6
20. a3 Be6 21. Nh5 Rxd2 22. Rxd2 Bf7 23. Nf4 1/2-1/2

[Event "ch-IND National A"]
[Site "Calicut IND"]
[Date "2003.12.04"]
[Round "2"]
[White "Das,A"]
[Black "Venkatesh,M"]
[Result "1/2-1/2"]
[WhiteElo "2299"]
[BlackElo "2401"]
[EventDate "2003.12.04"]

1. d4 Nf6 2. Nf3 g6 3. g3 Bg7 4. Bg2 d6 5. O-O Nbd7 6. Nc3 O-O 7. e4 e5 8.
h3 b6 9. Be3 h6 10. Qd2 Kh7 11. Nh2 Bb7 12. d5 Ng8 13. f4 exf4 14. gxf4
Ngf6 15. Rae1 Nh5 16. Rf2 Bf6 17. Nf3 Re8 18. b4 Kg8 19. Bd4 Bxd4 20. Nxd4
Qh4 21. Ncb5 Qd8 22. Nc6 Bxc6 23. dxc6 Nf8 24. e5 Qe7 25. Rfe2 dxe5 26.
Rxe5 Ne6 27. f5 gxf5 28. Qxh6 Nhg7 29. Nc3 Qg5 30. Qxg5 Nxg5 31. Nd5 Rxe5
32. Rxe5 N5e6 33. Ne7+ Kf8 34. Nxf5 Nxf5 35. Rxf5 Nd4 36. Rf2 Rd8 37. c4
Ke7 38. Kh2 f5 39. h4 1/2-1/2

[Event "ch-IND National A"]
[Site "Calicut IND"]
[Date "2003.12.04"]
[Round "2"]
[White "Sriram,J"]
[Black "Sundararajan,K"]
[Result "1/2-1/2"]
[WhiteElo "2458"]
[BlackElo "2446"]
[EventDate "2003.12.04"]

1. c4 Nf6 2. Nf3 g6 3. Nc3 Bg7 4. e4 O-O 5. d4 c6 6. Bd3 d6 7. h3 a6 8. O-O
b5 9. e5 Ne8 10. Qe2 Nc7 11. Rd1 bxc4 12. Bxc4 Be6 13. d5 cxd5 14. Nxd5
Nxd5 15. Bxd5 Bxd5 16. Rxd5 Nc6 17. Bf4 Nb4 18. Rd2 d5 19. e6 Qb6 20. exf7+
Rxf7 21. Be5 Bh6 22. Bd4 Qd6 23. Be5 Qb6 24. Bd4 Qd6 25. Be5 1/2-1/2

[Event "ch-IND National A"]
[Site "Calicut IND"]
[Date "2003.12.04"]
[Round "2"]
[White "Harikrishna,P"]
[Black "Roy Chowdhury,S"]
[Result "0-1"]
[WhiteElo "2570"]
[BlackElo "2421"]
[EventDate "2003.12.04"]

1. d4 e6 2. c4 d5 3. Nc3 Nf6 4. cxd5 exd5 5. Bg5 Be7 6. e3 c6 7. Qc2 O-O 8.
Bd3 Nbd7 9. Nge2 Re8 10. O-O-O Nf8 11. h3 a5 12. g4 b6 13. Ng3 b5 14. Kb1
a4 15. Rdg1 Bd7 16. Nf5 Bxf5 17. gxf5 Kh8 18. Rg2 N8d7 19. Rhg1 Qa5 20. Ne2
c5 21. dxc5 b4 22. Qd1 Nxc5 23. Nd4 Qb6 24. Bb5 Rec8 25. f3 Ra5 26. Qe2 Ra7
27. Bf4 Bf8 28. Be5 a3 29. b3 Re7 30. Bf4 g6 31. Qe1 Bg7 32. Qh4 Kg8 33.
Bh6 Rec7 34. Bf4 Ra7 35. Rc2 Nh5 36. Bh2 Bxd4 37. Qxd4 Qxb5 38. Rgc1 Raa8
39. fxg6 hxg6 40. Be5 Qd7 41. Rxc5 Rxc5 42. Rxc5 Qf5+ 43. e4 Qxf3 44. exd5
Qf5+ 45. Kc1 Qf1+ 46. Kc2 Qg2+ 47. Kb1 f6 48. Bc7 Re8 49. d6 Re4 50. Qd5+
Kg7 0-1

[Event "ch-IND National A"]
[Site "Calicut IND"]
[Date "2003.12.04"]
[Round "2"]
[White "Prathamesh,S"]
[Black "Singh,SV"]
[Result "1-0"]
[WhiteElo "2379"]
[BlackElo "2342"]
[EventDate "2003.12.04"]

1. e4 c5 2. Nf3 d6 3. d4 cxd4 4. Nxd4 Nf6 5. Nc3 Nc6 6. Be2 e6 7. O-O Be7
8. Be3 O-O 9. Kh1 a6 10. f4 Qc7 11. Qe1 Bd7 12. Qg3 d5 13. exd5 Nxd5 14.
Nxd5 exd5 15. c3 Bf6 16. Nb3 Bf5 17. Bf3 Be4 18. Bxe4 dxe4 19. Qf2 b5 20.
Rad1 Rfe8 21. Nc5 b4 22. Nd7 Be7 23. c4 Qb7 24. Rd5 Rac8 25. Rfd1 Nb8 26.
Nb6 Rc6 27. b3 h6 28. f5 Bf6 29. c5 Bg5 30. Nc4 Bxe3 31. Qxe3 Qc7 32. Nd6
Rd8 33. f6 1-0

[Event "ch-IND National A"]
[Site "Calicut IND"]
[Date "2003.12.04"]
[Round "2"]
[White "Suvrajit,S"]
[Black "Sareen,V"]
[Result "1/2-1/2"]
[WhiteElo "2387"]
[BlackElo "2367"]
[EventDate "2003.12.04"]

1. d4 Nf6 2. c4 g6 3. Nc3 d5 4. Bg5 Ne4 5. Bf4 Nxc3 6. bxc3 Bg7 7. e3 O-O
8. Nf3 c5 9. cxd5 cxd4 10. cxd4 Qxd5 11. Be2 Nc6 12. O-O Qa5 13. Qb3 e5 14.
dxe5 Nxe5 15. Nxe5 Bxe5 16. Bxe5 Qxe5 17. Bf3 Rb8 1/2-1/2

[Event "ch-IND National A"]
[Site "Calicut IND"]
[Date "2003.12.04"]
[Round "2"]
[White "Hariharan,V"]
[Black "Ramesh,R"]
[Result "1/2-1/2"]
[WhiteElo "2245"]
[BlackElo "2466"]
[EventDate "2003.12.04"]

1. e4 c5 2. d3 Nc6 3. f4 g6 4. Nf3 Bg7 5. Be2 d5 6. O-O e6 7. c3 Nge7 8.
Na3 O-O 9. e5 Bd7 10. Nc2 d4 11. c4 f6 12. exf6 Bxf6 13. Nd2 Bg7 14. Ne4 b6
15. Bd2 Qc7 16. b4 cxb4 17. Nxb4 Nf5 18. Nxc6 Bxc6 19. Bg4 Rae8 20. Bxf5
exf5 21. Ng5 Qb7 22. Rf2 h6 23. Nf3 Re6 24. Qf1 Rfe8 25. Re1 Bxf3 26. Rxe6
Rxe6 27. Rxf3 Qe7 28. Rf2 Bf6 29. Qd1 Bh4 30. g3 Bf6 31. Qf3 Kh7 32. Kf1
Qa3 33. Kg2 Bg7 34. g4 fxg4 35. Qxg4 Rf6 36. Qf3 Rf5 37. Re2 Qxa2 38. Kg3
Qa3 39. Re6 Qa1 40. Be1 Qc1 41. Bf2 g5 42. Re7 Qxf4+ 43. Qxf4 Rxf4 44. Rxa7
Kg6 45. Rb7 Be5 46. Kg2 Rf6 47. Rd7 Re6 48. Bxd4 Bf4 49. h3 Kh5 50. Bf2 Re2
51. Kf3 Rb2 52. Bg3 Bxg3 1/2-1/2

[Event "ch-IND National A"]
[Site "Calicut IND"]
[Date "2003.12.04"]
[Round "2"]
[White "Roktim,B"]
[Black "Sandipan,C"]
[Result "1/2-1/2"]
[WhiteElo "2352"]
[BlackElo "2504"]
[EventDate "2003.12.04"]

1. d4 d5 2. c4 c6 3. Nf3 Nf6 4. e3 Bf5 5. Nc3 e6 6. Nh4 Bg6 7. Qb3 Qc7 8.
Bd2 Nbd7 9. cxd5 exd5 10. O-O-O Qb6 11. Nxg6 Qxb3 12. axb3 hxg6 13. f3
O-O-O 14. Bd3 Nb6 15. Na4 Bd6 16. h3 Nxa4 17. bxa4 Nh5 18. b4 Kb8 19. Kb2
Ng3 20. Rhe1 Rhe8 21. e4 dxe4 22. fxe4 f6 23. Bc3 Bf4 24. e5 Nf5 25. Bxf5
gxf5 26. exf6 gxf6 27. Rxe8 Rxe8 28. Re1 Rg8 29. Re2 Kc7 30. d5 Be5 1/2-1/2

[Event "ch-IND National A"]
[Site "Calicut IND"]
[Date "2003.12.07"]
[Round "6"]
[White "Barua,D"]
[Black "Sundararajan,K"]
[Result "1/2-1/2"]
[WhiteElo "2528"]
[BlackElo "2446"]
[EventDate "2003.12.04"]

1. e4 c6 2. d4 d5 3. exd5 cxd5 4. c4 Nf6 5. Nc3 e6 6. Nf3 Bb4 7. cxd5 Nxd5
8. Qc2 Bd7 9. Be2 Bc6 10. O-O Nd7 11. a3 Be7 12. Bd2 O-O 13. Rfd1 Rc8 14.
Rdc1 h6 15. h3 Bd6 16. Nxd5 1/2-1/2

[Event "ch-IND National A"]
[Site "Calicut IND"]
[Date "2003.12.07"]
[Round "6"]
[White "Koneru,H"]
[Black "Srinivasa Rao,M"]
[Result "1-0"]
[WhiteElo "2485"]
[BlackElo "2329"]
[EventDate "2003.12.04"]

1. d4 Nf6 2. c4 g6 3. Nf3 Bg7 4. Nc3 d5 5. Qa4+ Nc6 6. Bf4 O-O 7. e3 dxc4
8. Bxc4 Nd7 9. Nd5 Nb6 10. Nxb6 cxb6 11. O-O Bg4 12. Be2 e5 13. Bxe5 Nxe5
14. dxe5 Bxf3 15. Bxf3 Bxe5 16. Rad1 Qf6 17. Rd7 Bxb2 18. Rxb7 a5 19. Bd5
Rad8 20. Qb5 Ba3 21. e4 Bc5 22. Kh1 Qf4 23. Qb3 Rd6 24. g3 Qg4 25. f3 Qh3
26. Bxf7+ Kh8 27. Rd1 Rfd8 28. Bd5 Bd4 29. Qd3 Bf6 30. Rc1 Rc8 31. Rcc7
Rxc7 32. Rxc7 Rd8 33. Qc4 Qh6 34. Qc6 Bd4 35. Rc8 Qf8 36. Rxd8 Qxd8 37. f4
Qe7 38. e5 Qa3 39. Qf6+ 1-0

[Event "ch-IND National A"]
[Site "Calicut IND"]
[Date "2003.12.07"]
[Round "6"]
[White "Hariharan,V"]
[Black "Ravi,Th"]
[Result "1/2-1/2"]
[WhiteElo "2245"]
[BlackElo "2380"]
[EventDate "2003.12.04"]

1. e4 e5 2. Bc4 Bc5 3. Nf3 Nc6 4. d3 Nf6 5. O-O a6 6. c3 Ba7 7. Nbd2 d6 8.
Bb3 O-O 9. Re1 Nh5 10. Nf1 Qf6 11. Bg5 Qg6 12. Qd2 h6 13. Be3 Kh8 14. Bxa7
Rxa7 15. Ng3 Nf4 16. d4 Qf6 17. Qe3 Ra8 18. dxe5 dxe5 19. Nd2 Rd8 20. Bc2
h5 21. Red1 h4 22. Ngf1 Be6 23. Kh1 Qg5 24. g3 Bh3 25. Nf3 Bg2+ 26. Kg1
Bxf3 27. Qxf3 Qg6 28. Kh1 hxg3 29. fxg3 Ne6 30. Ne3 Rxd1+ 31. Rxd1 Rd8 32.
Rxd8+ Ncxd8 33. h4 Qh6 34. Kg2 g5 35. Ng4 1/2-1/2

[Event "ch-IND National A"]
[Site "Calicut IND"]
[Date "2003.12.07"]
[Round "6"]
[White "Prathamesh,S"]
[Black "Sareen,V"]
[Result "1/2-1/2"]
[WhiteElo "2379"]
[BlackElo "2367"]
[EventDate "2003.12.04"]

1. e4 c5 2. Nf3 d6 3. d4 cxd4 4. Nxd4 Nf6 5. Nc3 a6 6. Be2 e5 7. Nb3 Be7 8.
O-O O-O 9. Kh1 b6 10. Be3 Bb7 11. f3 b5 12. a4 b4 13. Nd5 Nxd5 14. exd5 a5
15. Qd2 Nd7 16. c4 bxc3 17. bxc3 Qc7 18. c4 Rfb8 19. Rfd1 Bc8 20. Ra3 Bf8
21. c5 dxc5 22. d6 Qd8 23. Bb5 Rb6 24. Nxc5 Rxd6 25. Rd3 Nxc5 26. Rxd6 Qxd6
27. Qxd6 Bxd6 28. Rxd6 Ne6 29. Rd5 f6 30. Bc4 Kf8 31. h3 Ke7 32. Bb6 Bd7
33. Bxa5 Bxa4 34. Bb4+ Ke8 35. Rd6 Nf4 1/2-1/2

[Event "ch-IND National A"]
[Site "Calicut IND"]
[Date "2003.12.07"]
[Round "6"]
[White "Suvrajit,S"]
[Black "Satyapragyan,S"]
[Result "1/2-1/2"]
[WhiteElo "2387"]
[BlackElo "2415"]
[EventDate "2003.12.04"]

1. d4 Nf6 2. c4 e6 3. Nc3 Bb4 4. e3 c5 5. Nge2 d5 6. a3 Ba5 7. dxc5 dxc4 8.
Qxd8+ Bxd8 9. Ng3 Nbd7 10. Bxc4 Nxc5 11. b4 Ncd7 12. O-O O-O 13. Bb2 a6 14.
Rfd1 b5 15. Bb3 1/2-1/2

[Event "ch-IND National A"]
[Site "Calicut IND"]
[Date "2003.12.07"]
[Round "6"]
[White "Thipsay,P"]
[Black "Neelotpal,D"]
[Result "1/2-1/2"]
[WhiteElo "2486"]
[BlackElo "2443"]
[EventDate "2003.12.04"]

1. e4 c5 2. Nf3 d6 3. d4 cxd4 4. Nxd4 Nf6 5. Nc3 Nc6 6. Bc4 Qb6 7. Nxc6
bxc6 8. O-O g6 9. Qe1 Nd7 10. Kh1 Bg7 11. f4 Ba6 12. Bxa6 Qxa6 13. Bd2 O-O
14. Rf3 Rab8 15. b3 e6 16. Rh3 d5 17. Qh4 h5 18. e5 Rfe8 19. a4 Qc8 20. Rg1
a6 21. g4 hxg4 22. Rxg4 Nf8 23. Nd1 c5 24. Nf2 Qd8 25. Rg5 f5 26. exf6 Qxf6
27. Bc3 d4 28. Bb2 e5 29. f5 e4 30. Ng4 Qc6 31. f6 e3+ 32. Kg1 e2 33. Qh8+
Bxh8 34. Nh6+ 1/2-1/2

[Event "ch-IND National A"]
[Site "Calicut IND"]
[Date "2003.12.06"]
[Round "5"]
[White "Neelotpal,D"]
[Black "Bakre,T"]
[Result "1-0"]
[WhiteElo "2443"]
[BlackElo "2443"]
[EventDate "2003.12.04"]

1. e4 c6 2. d4 d5 3. Nd2 dxe4 4. Nxe4 Bf5 5. Ng3 Bg6 6. h4 h6 7. Nf3 Nd7 8.
h5 Bh7 9. Bd3 Bxd3 10. Qxd3 Qc7 11. Bd2 e6 12. O-O-O Bd6 13. Ne4 Bf4 14.
Qa3 Ndf6 15. g3 Bxd2+ 16. Nfxd2 Nxe4 17. Nxe4 Qe7 18. Nd6+ Kd7 19. Nxb7
Qxa3 20. bxa3 Nf6 21. f3 Rab8 22. Nc5+ Ke7 23. Rd3 Rhd8 24. g4 Nd5 25. Rb3
Nf4 26. c3 f5 27. Kc2 Rxb3 28. axb3 Kf6 29. Re1 Rd6 30. Re5 g6 31. Nd3 Nxd3
32. Kxd3 gxh5 33. gxh5 Kg5 34. c4 Kf6 35. Ra5 Rd7 36. Ke3 Kg5 37. Re5 Re7
38. d5 cxd5 39. cxd5 Rb7 40. dxe6 Rxb3+ 41. Kd4 Rb8 42. e7 Re8 43. Kd5 Kf6
44. Kd6 a5 45. Kd7 1-0

[Event "ch-IND National A"]
[Site "Calicut IND"]
[Date "2003.12.06"]
[Round "5"]
[White "Roy Chowdhury,S"]
[Black "Thipsay,P"]
[Result "1/2-1/2"]
[WhiteElo "2421"]
[BlackElo "2486"]
[EventDate "2003.12.04"]

1. e4 e5 2. Nf3 Nc6 3. Bc4 Nf6 4. d3 Bc5 5. c3 a6 6. Bb3 O-O 7. O-O Ba7 8.
h3 d5 9. exd5 Nxd5 10. d4 exd4 11. cxd4 Nde7 12. d5 Na5 13. Nc3 Nxb3 14.
Qxb3 Qd6 15. Be3 Bxe3 16. fxe3 c6 17. Rad1 1/2-1/2

[Event "ch-IND National A"]
[Site "Calicut IND"]
[Date "2003.12.06"]
[Round "5"]
[White "Sandipan,C"]
[Black "Harikrishna,P"]
[Result "0-1"]
[WhiteElo "2504"]
[BlackElo "2570"]
[EventDate "2003.12.04"]

1. e4 e5 2. Nf3 Nc6 3. Bb5 a6 4. Ba4 Nf6 5. O-O Be7 6. Re1 d6 7. c3 Bg4 8.
d3 Nd7 9. Be3 h6 10. h3 Bh5 11. Nbd2 Bg5 12. Qe2 O-O 13. Nf1 Bxe3 14. fxe3
Bg6 15. Ng3 Nb6 16. Bxc6 bxc6 17. d4 exd4 18. cxd4 Nd7 19. b4 a5 20. Qc4
axb4 21. Qxc6 Ra3 22. Qb5 c5 23. dxc5 dxc5 24. Nf5 Qe8 25. Rad1 Bxf5 26.
exf5 Ne5 27. Qe2 Nxf3+ 28. Qxf3 Rxa2 29. f6 Qe6 30. fxg7 Re8 31. Rd5 Rc2
32. Rf5 Qe4 33. Rxf7 Qxf3 34. Rxf3 b3 35. Ref1 Re7 36. Rf8+ Kxg7 37. Rb8 b2
38. Rf2 Rc1+ 39. Rf1 Rf7 0-1

[Event "ch-IND National A"]
[Site "Calicut IND"]
[Date "2003.12.06"]
[Round "5"]
[White "Srinivasa Rao,M"]
[Black "Hariharan,V"]
[Result "1-0"]
[WhiteElo "2329"]
[BlackElo "2245"]
[EventDate "2003.12.04"]

1. Nf3 Nf6 2. c4 e6 3. g3 d5 4. Bg2 Be7 5. O-O O-O 6. d4 dxc4 7. Qc2 a6 8.
Qxc4 b5 9. Qc2 Bb7 10. Bg5 Nbd7 11. Bxf6 Nxf6 12. Nbd2 Rc8 13. Nb3 Be4 14.
Qc1 Qd5 15. Rd1 Qa8 16. Nc5 Bd5 17. Ne1 Bxg2 18. Nxg2 Bxc5 19. Qxc5 Rfd8
20. Rac1 Qe4 21. e3 Qf3 22. Ne1 Qe2 23. Qc2 Qh5 24. Kg2 e5 25. dxe5 Rxd1
26. Rxd1 Qxe5 27. Nf3 Qe6 28. b4 h6 29. a3 Qe7 30. Qc6 Qe6 31. Rc1 Qa2 32.
Rc3 Re8 33. Nd4 Qd5+ 34. Qxd5 Nxd5 35. Rc5 Rd8 36. Rc6 Rd6 37. Rxd6 cxd6
38. Nf5 Nc3 39. Nxd6 Nb1 40. Nb7 Nxa3 41. Nc5 Kf8 42. Nxa6 Ke7 43. Kf3 Kd6
44. Ke4 Nc2 45. Kd3 Ne1+ 46. Ke2 Nc2 47. Kd2 Na3 48. e4 Nc4+ 49. Kc3 Ke5
50. f3 g5 51. Nc5 Ne3 52. Nd3+ Kd6 53. Kd2 Nc4+ 54. Ke2 f6 55. h3 Ke6 56.
f4 Nd6 57. Nc5+ Ke7 58. Kd3 Nc4 59. Nb3 gxf4 60. gxf4 Ke8 61. Nd4 Nd6 62.
e5 fxe5 63. fxe5 Nc4 64. Ke4 Na3 65. Kf5 Ke7 66. h4 Nc4 67. Nxb5 Ne3+ 68.
Ke4 Nc2 69. Nc3 Nxb4 70. Nd5+ Nxd5 71. Kxd5 h5 72. e6 Ke8 1-0

[Event "ch-IND National A"]
[Site "Calicut IND"]
[Date "2003.12.06"]
[Round "5"]
[White "Ganguly,S"]
[Black "Roktim,B"]
[Result "1-0"]
[WhiteElo "2531"]
[BlackElo "2352"]
[EventDate "2003.12.04"]

1. e4 e5 2. Nf3 Nc6 3. Bb5 a6 4. Ba4 Nf6 5. O-O Be7 6. Re1 b5 7. Bb3 d6 8.
c3 O-O 9. d4 Bg4 10. Be3 exd4 11. cxd4 d5 12. e5 Ne4 13. Nc3 Nxc3 14. bxc3
f5 15. Bf4 Na5 16. Bc2 Nc4 17. Qd3 Rb8 18. e6 Rb6 19. Ne5 Nxe5 20. Rxe5 Bf6
21. Rxd5 Qxd5 22. e7 Qd7 23. exf8=Q+ Kxf8 24. a4 b4 25. a5 Re6 26. f3 Bh5
27. d5 Bxc3 28. Qxf5+ Qf7 29. Qxf7+ Bxf7 30. dxe6 Bxe6 31. Rb1 Bd4+ 32. Kf1
c5 33. Ke2 Bc3 1-0

[Event "ch-IND National A"]
[Site "Calicut IND"]
[Date "2003.12.06"]
[Round "5"]
[White "Satyapragyan,S"]
[Black "Das,A"]
[Result "1/2-1/2"]
[WhiteElo "2415"]
[BlackElo "2299"]
[EventDate "2003.12.04"]

1. e4 c5 2. Nf3 d6 3. c3 Nf6 4. Bd3 Nc6 5. Bc2 Bg4 6. h3 Bh5 7. d3 e6 8.
Nbd2 d5 9. Qe2 Be7 10. O-O Qc7 11. Re1 O-O-O 12. Nf1 Ne5 13. g4 Nxf3+ 14.
Qxf3 Bg6 15. Bf4 Qc6 16. Bg3 1/2-1/2